000 00991cab a2200361 4500
001 WB3110-40
008 090401t1995 xxu||||| |||| 00| 0 eng d
035 _a(Sirsi) u22739
041 _aeng
245 _aSouth Korea
260 _c1995
300 _aLOAN
350 _a0
490 _aTimes
_v8 March 1995 (12)
520 _aExamines the prospects for greater co-operation between South Korea and Europe, both economically and politically and considers recent changes in South Korea.
650 _aASIA
650 _aCAR INDUSTRY
650 _aCHINA
650 _aCONTAINER SHIPPING
650 _aECONOMIC SURVEY
650 _aEnvironment
_96238
650 _aEUROPE
650 _aFARMING
650 _aJAPAN
650 _aDEMOCRATIC PEOPLE'S REPUBLIC OF KOREA
650 _aSAMSUNG
650 _aREPUBLIC OF KOREA
650 _aSPECIAL REPORTS
690 _aOVERSEAS-REST OF THE WORLD
690 _aSPECIAL REPORTS
942 _n0
948 _c04/03/1997
999 _c15243
_d15243